000
00318nam a22001457a 4500
008
210531b ||||| |||| 00| 0 eng d
020
_a
0444010327
041
_a
eng
080
_a
336
082
_a
336
100
_a
56
101
_a
FIN
245
_a
International Financial Markets
_c
Grabbe,J.O
942
_2
udc
_c
BK
999
_c
57821
_d
57821